| 000 | 00378nab a22001097u 4500 | ||
|---|---|---|---|
| 008 | 130520b1991 xxu||||| |||| 00| 0 spa d | ||
| 041 | _aspa | ||
| 100 | 1 |
_aKlinken, J. Van _967530 |
|
| 245 | 0 | 0 |
_aEl tercer punto del proceso JPIC: con la ecología entre la teología y la ciencia _cJ. van Klinken |
| 773 | 0 |
_tConcilium _gV.2,nº236,1991,págs.87-104 _x0210-1041 _wRev134 |
|
| 942 | _cAR | ||
| 999 |
_c355653 _d355653 |
||